Liedtext - Im Herzen von Europa - Polizeichor Frankfurt - Statistiken

Allgemein
  • Dieses Quiz wurde 268 mal gespielt
  • Das Durchschnittsergebnis liegt bei 157 aus 203
Antwortstatistiken
Textquiz % Korrekt
Europa
99%
Herzen
99%
Im
99%
im
99%
von
99%
am
96%
die
96%
ein
96%
liegt
95%
Frankfurt
94%
Main
94%
wir
90%
Eintracht
89%
du
88%
es
88%
in
88%
sie
87%
den
86%
der
86%
eine
84%
Stadt
84%
sein
83%
dich
82%
mein
82%
nur
82%
siegen
82%
und
82%
vom
82%
zu
82%
noch
81%
schieß
81%
Tor
81%
all
80%
lieben
80%
schönen
80%
alle
79%
dem
79%
Gegner
79%
gibt
79%
heute
79%
Kasten
79%
rein
79%
wieder
79%
dieser
78%
weil
78%
sollst
77%
wird
77%
ganz
76%
ohne
76%
aus
75%
deutscher
75%
Fußball
75%
ist
75%
Meister
75%
sagen
75%
auf
74%
jeder
74%
andere
73%
fragen
73%
liebt
73%
schaffst
73%
spielt
73%
Sport
73%
Bundesliga
72%
hier
72%
Hier
72%
Mädchen
72%
sich
69%
Waldstadion
69%
famos
68%
man
68%
groß
67%
wenn
67%
nicht
65%
dann
64%
ganzen
64%
Welt
64%
mit
62%
Stimmung
62%
unser
62%
oft
60%
nein
59%
gewinnt
58%
immer
58%
kennt
58%
schwören
57%
Ehrenwort
53%
auch
52%
bei
51%
sind
51%
gar
50%
anders
49%
dir
49%
andre
47%
Gedanken
45%
nie
44%
Stadien
44%
Stell-dich-ein
41%
unserm
41%
Chor
40%
drum
38%
Mainestrand
38%
begleiten
36%
fort
36%
Weg
36%
mal
35%
stimmet
35%
führt
29%
Keine übereinstimmenden Quizze gefunden
Verteilung der Resultate
Anzahl Personen mit jedem Resultat
Perzentil nach korrekt beantworteten Fragen
Ihre Resultats-Entwicklung
Sie haben dieses Quiz noch nicht gespielt